MARC details
| 000 -CABECERA |
| campo de control de longitud fija |
04249nam a2200421 a 4500 |
| 001 - NÚMERO DE CONTROL |
| campo de control |
dia_5850 |
| 003 - IDENTIFICADOR DEL NÚMERO DE CONTROL |
| campo de control |
CHAP |
| 005 - FECHA Y HORA DE LA ÚLTIMA TRANSACCIÓN |
| campo de control |
20240819125404.0 |
| 007 - CAMPO FIJO DE DESCRIPCIÓN FÍSICA--INFORMACIÓN GENERAL |
| campo de control de longitud fija |
ta |
| 008 - DATOS DE LONGITUD FIJA--INFORMACIÓN GENERAL |
| campo de control de longitud fija |
220601s2015 mx abd frm 001 0 spa d |
| 040 ## - FUENTE DE LA CATALOGACIÓN |
| Centro catalogador/agencia de origen |
mxchpua |
| Centro/agencia transcriptor |
CHAP |
| 041 0# - CÓDIGO DE LENGUA |
| Código de lengua del texto/banda sonora o título independiente |
spa |
| Código de lengua del sumario o resumen |
eng |
| 090 ## - LOCALMENTE ASIGNADO TIPO-LC NÚMERO DE CLASIFICACIÓN (OCLC); NÚMERO DE CLASIFICACIÓN LOCAL (RLIN) |
| Número de clasificación (OCLC) (R) ; Numero de clasificación, CALL (RLIN) (NR) |
Tesis |
| Número cutter local (OCLC) ; Número de libro/Signatura topográfica íntegra, CALL (RLIN) |
H47 |
| año |
2015 |
| 100 1# - ENTRADA PRINCIPAL--NOMBRE DE PERSONA |
| Nombre de persona |
Hernández Zamora, Yazmín |
| 245 10 - MENCIÓN DE TÍTULO |
| Título |
Exploración de situación laboral actual de la mano de obra especializada en la industria alimentaria : |
| Resto del título |
la contratación por outsourcing / |
| Mención de responsabilidad, etc. |
Yazmín Hernández Zamora |
| 264 ## - PRODUCCIÓN, PUBLICACIÓN, DISTRIBUCIÓN, FABRICACIÓN Y COPYRIGHT |
| Producción, publicación, distribución, fabricación y copyright |
Chapingo, México : |
| Nombre del de productor, editor, distribuidor, fabricante |
El autor, |
| Fecha de producción, publicación, distribución, fabricación o copyright |
2015 |
| 300 ## - DESCRIPCIÓN FÍSICA |
| Extensión |
xi, 175 hojas : |
| Otras características físicas |
ilustraciones, tablas, diagramas, mapas + |
| Material acompañante/anejo |
1 CD-ROM |
| 336 ## - TIPO DE CONTENIDO |
| Fuente |
rdacontent |
| Término de tipo de contenido |
texto |
| Código de tipo de contenido |
txt |
| 337 ## - TIPO DE MEDIO |
| Fuente |
rdamedia |
| Nombre/término del tipo de medio |
no mediado |
| Código del tipo de medio |
n |
| 338 ## - TIPO DE SOPORTE |
| Fuente |
rdacarrier |
| Nombre/término del tipo de soporte |
volumen |
| Código del tipo de soporte |
nc |
| 502 ## - NOTA DE TESIS |
| Nota de tesis |
Tesis |
| Tipo de título |
(Ingeniero Agroindustrial) -- |
| Nombre de la institución que otorga el título |
UACh. Departamento de Ingeniería Agroindustrial, |
| Año de obtención del título |
2015 |
| 504 ## - NOTA DE BIBLIOGRAFÍA, ETC. |
| Nota de bibliografía, etc. |
Bibliografía: hojas 134-148 |
| 520 3# - SUMARIO, ETC. |
| Sumario, etc. |
El trabajo es la fuente de toda riqueza, afirman los especialistas en Economía política... Pero el trabajo es muchísimo más que eso. Es la condición básica y fundamental de toda la vida humana. Y lo es en tal grado que, hasta cierto punto, debemos decir que el trabajo ha creado al propio hombre.Los avances tecnológicos y educativos, sumados al desgaste de los modelos económicos actuales, han generado un desequilibrio laboral que se traduce en desempleo y una gran competencia entre los trabajadores por un puesto laboral.Sin embargo, las empresas buscan integrar a sus filas al candidato más adecuado al menor costo posible, esto se ha logrado delegando las actividades de reclutamiento de personal a otras empresas conocidas como Outsourcing, estas funcionan como puente de conexión y su fin técnico es únicamente conectar al trabajador con el patrón.Recientemente, en México, la figura de Outsourcing fue introducida en la Ley Federal del Trabajo, en 2012, haciendo legal el uso de la misma y dejando de lado prestaciones laborales esenciales que fueron otorgadas a los trabajadores como resultado de la lucha de estos.La problemática que explora el presente trabajo se centra en las condiciones laborales de los egresados del Departamento de Ingeniería Agroindustrial de la Universidad Autónoma Chapingo contratados como mano de obra calificada bajo el esquema de Outsourcing. |
| 520 3# - SUMARIO, ETC. |
| Sumario, etc. |
Work is the source of all wealth, say the specialists in political economy ... But the work is more than that. It is the basic and fundamental condition of all human life. And it is to such an extent that, to some extent, we must say that labor created man himself.The technological and educational advances, added wear current economic models have generated a labor imbalance resulting in unemployment and strong competition among workers for a job title.However, the companies looking to integrate their ranks the most suitable candidate for the best possible cost, this has been achieved by delegating recruitment activities to other companies know as Outsourcing, these such as jumper and technical order is only contact the employee with the employer.Recently, in Mexico, the figure of Outsourcing was introduced in the Federal Labor Law, in 2012, making it legal to use it and ignoring essential employee benefits that were granted to workers as a result of the struggle of these.The problematic that explores this paper focuses on the working conditions are graduates of the Department of Agroindustrial Engineering of the Universidad Autónoma Chapingo employed as skilled workers under the scheme of Outsourcing |
| 650 13 - PUNTO DE ACCESO ADICIONAL DE MATERIA--TÉRMINO DE MATERIA |
| Término de materia o nombre geográfico como elemento de entrada |
Industria de los alimentos |
| Fuente del encabezamiento o término |
atg |
| Subdivisión general |
Empleados |
| Subdivisión geográfica |
México |
| 650 13 - PUNTO DE ACCESO ADICIONAL DE MATERIA--TÉRMINO DE MATERIA |
| Término de materia o nombre geográfico como elemento de entrada |
Condiciones de trabajo |
| Fuente del encabezamiento o término |
atg |
| 650 13 - PUNTO DE ACCESO ADICIONAL DE MATERIA--TÉRMINO DE MATERIA |
| Término de materia o nombre geográfico como elemento de entrada |
Outsourcing |
| Fuente del encabezamiento o término |
atg |
| 650 13 - PUNTO DE ACCESO ADICIONAL DE MATERIA--TÉRMINO DE MATERIA |
| Término de materia o nombre geográfico como elemento de entrada |
Food industry |
| Fuente del encabezamiento o término |
atg |
| Subdivisión general |
Employees |
| Subdivisión geográfica |
Mexico |
| 650 13 - PUNTO DE ACCESO ADICIONAL DE MATERIA--TÉRMINO DE MATERIA |
| Término de materia o nombre geográfico como elemento de entrada |
Working conditions |
| Fuente del encabezamiento o término |
atg |
| 700 1# - PUNTO DE ACCESO ADICIONAL--NOMBRE DE PERSONA |
| Nombre de persona |
Morales Santos, Tayde |
| Término indicativo de función/relación |
directora |
| 700 1# - PUNTO DE ACCESO ADICIONAL--NOMBRE DE PERSONA |
| Nombre de persona |
Ramírez Díaz, Francisco Javier |
| Término indicativo de función/relación |
asesor |
| 700 1# - PUNTO DE ACCESO ADICIONAL--NOMBRE DE PERSONA |
| Nombre de persona |
García Chávez, Luis Ramiro |
| Término indicativo de función/relación |
asesor |
| 856 41 - LOCALIZACIÓN Y ACCESO ELECTRÓNICOS |
| Identificador Uniforme del Recurso |
<a href="http://10.13.5.2/tesis/sist111397.pdf">http://10.13.5.2/tesis/sist111397.pdf</a> |
| Texto de enlace |
DESCARGAR PDF |
| 901 ## - ELEMENTOS DE DATOS A LOCAL LDA (RLIN) |
| a |
TESIS H47 2015 |
| 942 ## - ELEMENTOS DE PUNTO DE ACCESO ADICIONAL (KOHA) |
| Tipo de ítem Koha |
TESIS |
| Fuente del sistema de clasificación o colocación |
Clasificación Universidad Autónoma Chapingo |
| 902 ## - ELEMENTOS DE DATOS B LOCAL, LDB (RLIN) |
| a |
M |
| 905 ## - ELEMENTOS DE DATOS E LOCAL, LDE (RLIN) |
| a |
5232272015 mx nml 8223123322spa16 |